<?xml version="1.0" encoding="UTF-8"?>
<record
    xmlns:xsi="http://www.w3.org/2001/XMLSchema-instance"
    xsi:schemaLocation="http://www.loc.gov/MARC21/slim http://www.loc.gov/standards/marcxml/schema/MARC21slim.xsd"
    xmlns="http://www.loc.gov/MARC21/slim">

  <leader>03475nam a22003137a 4500</leader>
  <controlfield tag="003">OSt</controlfield>
  <controlfield tag="005">20181124070635.0</controlfield>
  <controlfield tag="008">180305b        xxu||||| |||| 00| 0 spa d</controlfield>
  <datafield tag="040" ind1=" " ind2=" ">
    <subfield code="c">PJ</subfield>
  </datafield>
  <datafield tag="100" ind1=" " ind2=" ">
    <subfield code="9">55</subfield>
    <subfield code="a">Diez, Manuel Mar&#xED;a</subfield>
  </datafield>
  <datafield tag="245" ind1="1" ind2="0">
    <subfield code="a">Derecho administrativo / </subfield>
    <subfield code="c">Manuel Mar&#xED;a  Diez.</subfield>
  </datafield>
  <datafield tag="250" ind1=" " ind2=" ">
    <subfield code="a">2a. ed.</subfield>
  </datafield>
  <datafield tag="260" ind1=" " ind2=" ">
    <subfield code="a">Buenos Aires :</subfield>
    <subfield code="b">Plus Ultra, </subfield>
  </datafield>
  <datafield tag="300" ind1=" " ind2=" ">
    <subfield code="a">6 v.</subfield>
  </datafield>
  <datafield tag="500" ind1=" " ind2=" ">
    <subfield code="a">La Biblioteca posee v.1, v.2, v.3 y v.6.</subfield>
  </datafield>
  <datafield tag="504" ind1=" " ind2=" ">
    <subfield code="a">Incluye bibliograf&#xED;a.
</subfield>
  </datafield>
  <datafield tag="505" ind1=" " ind2=" ">
    <subfield code="a">Contenido:

v. 1: El estado -- Las funciones del estado -- La administraci&#xF3;n p&#xFA;blica -- El derecho administrativo y la ciencia de la administraci&#xF3;n -- Relaciones del derecho administrativo -- Fuentes del derecho administrativo -- La codificaci&#xF3;n del derecho administrativo -- Del m&#xE9;todo del derecho administrativo.

v. 2: Organizaci&#xF3;n administrativa -- Los sujetos en el derecho administrativo -- Organizaci&#xF3;n administrativa Argentina -- De los hechos -- Los actos administrativos -- Clasificaci&#xF3;n de los actos administrativos -- De la formaci&#xF3;n de los actos administrativos -- De los elementos del acto administrativo -- Los caracteres del acto administrativo -- Nulidad de los actos administrativos -- los vicios de los actos administrativos -- Del saneamiento y de la convenci&#xF3;n de los actos administrativos -- De la extinci&#xF3;n de los actos administrativos -- La interpretaci&#xF3;n de los actos administrativos -- El acto e gobierno del &#xF3;rgano ejecutivo.

v. 3: Contratos administrativos -- Formaci&#xF3;n de los contratos administrativos -- Los vicios en el procedimiento de licitaci&#xF3;n -- Ejecuci&#xF3;n de los contratos administrativos -- Contrato de obra p&#xFA;blica -- Concesi&#xF3;n de obra p&#xFA;blica -- Contrato de suministros -- Otros contratos del estado -- De los servicios p&#xFA;blicos -- Del usuario del servicio publico -- De la creaci&#xF3;n, organizaci&#xF3;n, modificaci&#xF3;n y supresi&#xF3;n de los servicios p&#xFA;blicos -- Sistemas de prestaci&#xF3;n de servicios p&#xFA;blicos -- Concesi&#xF3;n de servicios p&#xFA;blicos -- El deber publico de prestaci&#xF3;n de los administrados -- Contrato de funci&#xF3;n publica civil del funcionario p&#xFA;blico -- Del ingreso de la funci&#xF3;n  publica -- De los deberes de los funcionarios p&#xFA;blicos -- Del r&#xE9;gimen disciplinario de los funcionarios p&#xFA;blicos -- Derechos de los funcionarios p&#xFA;blicos -- Extinci&#xF3;n de la relaci&#xF3;n funcional -- De las funciones de hecho -- De la funci&#xF3;n publica militar.

v. 6: Control judicial de la administraci&#xF3;n. El proceso administrativo -- De las partes en el proceso administrativo --Del tribunal en el proceso administrativo. Su jurisdicci&#xF3;n y competencia -- De la pretensi&#xF3;n procesal administrativa de las partes -- El proceso administrativo. Su iniciaci&#xF3;n, desarrollo y terminaci&#xF3;n -- De la sentencia -- Del proceso de lesividad -- Control judicial de la administraci&#xF3;n en el &#xE1;mbito nacional -- Control judicial de la administraci&#xF3;n en el &#xE1;mbito provincial -- Control judicial de la administraci&#xF3;n en el &#xE1;mbito municipal -- Legislaci&#xF3;n extranjera.</subfield>
  </datafield>
  <datafield tag="650" ind1=" " ind2="0">
    <subfield code="a">DERECHO ADMINISTRATIVO</subfield>
    <subfield code="9">211</subfield>
  </datafield>
  <datafield tag="650" ind1=" " ind2="0">
    <subfield code="a">ADMINISTRACION PUBLICA</subfield>
    <subfield code="9">877</subfield>
  </datafield>
  <datafield tag="650" ind1=" " ind2="0">
    <subfield code="a">CONTRATOS ADMINISTRATIVOS</subfield>
    <subfield code="9">1170</subfield>
  </datafield>
  <datafield tag="650" ind1=" " ind2="0">
    <subfield code="a">OBRAS PUBLICAS</subfield>
    <subfield code="9">1593</subfield>
  </datafield>
  <datafield tag="650" ind1=" " ind2="0">
    <subfield code="a">CONTRATO DE OBRA PUBLICA</subfield>
    <subfield code="9">1592</subfield>
  </datafield>
  <datafield tag="650" ind1=" " ind2="0">
    <subfield code="a">LICITACION P&#xDA;BLICA</subfield>
    <subfield code="9">2988</subfield>
  </datafield>
  <datafield tag="650" ind1=" " ind2="0">
    <subfield code="a">SERVICIO PUBLICO</subfield>
    <subfield code="9">932</subfield>
  </datafield>
  <datafield tag="650" ind1=" " ind2="0">
    <subfield code="a">PROCEDIMIENTO ADMINISTRATIVO</subfield>
    <subfield code="9">1135</subfield>
  </datafield>
  <datafield tag="650" ind1=" " ind2="0">
    <subfield code="a">REGIMEN DISCIPLINARIO ADMINISTRATIVO</subfield>
    <subfield code="9">2018</subfield>
  </datafield>
  <datafield tag="650" ind1=" " ind2="0">
    <subfield code="a">FUNCIONARIOS PUBLICOS</subfield>
    <subfield code="9">1496</subfield>
  </datafield>
  <datafield tag="942" ind1=" " ind2=" ">
    <subfield code="2">udc</subfield>
    <subfield code="c">LIB</subfield>
  </datafield>
  <datafield tag="999" ind1=" " ind2=" ">
    <subfield code="c">298</subfield>
    <subfield code="d">298</subfield>
  </datafield>
  <datafield tag="952" ind1=" " ind2=" ">
    <subfield code="0">0</subfield>
    <subfield code="1">0</subfield>
    <subfield code="2">udc</subfield>
    <subfield code="4">0</subfield>
    <subfield code="7">0</subfield>
    <subfield code="a">DJS</subfield>
    <subfield code="b">DJS</subfield>
    <subfield code="d">2018-04-23</subfield>
    <subfield code="h">V. 1</subfield>
    <subfield code="o">342.9 DIE</subfield>
    <subfield code="p">1533</subfield>
    <subfield code="r">2018-04-23</subfield>
    <subfield code="w">2018-04-23</subfield>
    <subfield code="y">LIB</subfield>
  </datafield>
  <datafield tag="952" ind1=" " ind2=" ">
    <subfield code="0">0</subfield>
    <subfield code="1">0</subfield>
    <subfield code="2">udc</subfield>
    <subfield code="4">0</subfield>
    <subfield code="7">0</subfield>
    <subfield code="a">DJS</subfield>
    <subfield code="b">DJS</subfield>
    <subfield code="d">2018-04-23</subfield>
    <subfield code="h">V. 2</subfield>
    <subfield code="o">342.9 DIE</subfield>
    <subfield code="p">1534</subfield>
    <subfield code="r">2018-11-13</subfield>
    <subfield code="w">2018-04-23</subfield>
    <subfield code="y">LIB</subfield>
  </datafield>
  <datafield tag="952" ind1=" " ind2=" ">
    <subfield code="0">0</subfield>
    <subfield code="1">0</subfield>
    <subfield code="2">udc</subfield>
    <subfield code="4">0</subfield>
    <subfield code="7">0</subfield>
    <subfield code="a">DJS</subfield>
    <subfield code="b">DJS</subfield>
    <subfield code="d">2018-04-23</subfield>
    <subfield code="h">V. 3</subfield>
    <subfield code="l">4</subfield>
    <subfield code="m">3</subfield>
    <subfield code="o">342.9 DIE</subfield>
    <subfield code="p">3387</subfield>
    <subfield code="q">2026-02-27</subfield>
    <subfield code="r">2026-02-20</subfield>
    <subfield code="s">2026-02-20</subfield>
    <subfield code="w">2018-04-23</subfield>
    <subfield code="y">LIB</subfield>
  </datafield>
  <datafield tag="952" ind1=" " ind2=" ">
    <subfield code="0">0</subfield>
    <subfield code="1">0</subfield>
    <subfield code="2">udc</subfield>
    <subfield code="4">0</subfield>
    <subfield code="7">0</subfield>
    <subfield code="a">DJS</subfield>
    <subfield code="b">DJS</subfield>
    <subfield code="d">2018-04-23</subfield>
    <subfield code="h">V. 6</subfield>
    <subfield code="o">342.9 DIE</subfield>
    <subfield code="p">3771</subfield>
    <subfield code="r">2018-11-13</subfield>
    <subfield code="w">2018-04-23</subfield>
    <subfield code="y">LIB</subfield>
  </datafield>
</record>
